Statistics for Dominican Immigrants in US Metro Areas

Click here to take the quiz!

General Stats

  • This quiz has been taken 27 times
  • The average score is 14 of 24

Answer Stats

Dominican Immigrant PopulationStateMetro Area% Correct
2.96%NYNew York
96%
0.36%PAPhiladelphia
96%
1.09%FLMiami-Fort Lauderdale
92%
0.98%FLOrlando
92%
1.44%MABoston
88%
0.38%FLTampa-St Petersburg
88%
1.55%RIProvidence
85%
0.41%NHManchester-Nashua
73%
0.51%CTNew Haven
73%
0.88%NJTrenton
73%
1.46%PAScranton--Wilkes-Barre
69%
1.65%NJAtlantic City
65%
0.79%CTBridgeport
65%
1.19%PAAllentown-Bethlehem
62%
0.60%MAWorcester
62%
0.49%MASpringfield
58%
1.76%PAReading
35%
0.34%CTNew London-Norwich
19%
0.43%FLOcala
19%
0.55%NJVineland-Bridgeton
19%
0.405FLNaples
15%
0.35%FLPort St Lucie
15%
0.54%PALebanon
12%
0.66%PAEast Stroudsburg
8%

Score Distribution

Percentile by Number Answered

Percent of People with Each Score

Your Score History

You have not taken this quiz